000 00674nam a22001937a 4500
005 20180105143048.0
010 _a1718EN-30
020 _a9780670089116
_c599.00
035 _aB-682933-934
037 _bAakar
_adpl
082 _aN
100 _aAslam, Nadeem
245 _aThe golden legend /
_cby Nadeem Aslam
260 _c2017
_aGurgaon
_bPenguin
270 _a7th Floor, Infinity Tower C, DLF Cyber City,
_bGurgaon
_e122002
300 _c23cm(Hb)
_aix,364p.
942 _cEN
_2ddc
_mASL
_hN
999 _c146073
_d146073